000 00331nam a22000977a 4500
999 _c509311
_d509311
082 _aB703x5422 M267/1948-53
100 _aGovernment of Central Provinces and Berar
_94951
245 _aThe Central Provinces and Berar Local Government (Amendment) Act, 1948
260 _bGovernment of Central Provinces and Berar
_c1948
300 _a7p.